Entry Nombre personal
001 - NÚMERO DE CONTROL
- campo de control: 132005
003 - IDENTIFICADOR DE NÚMERO DE CONTROL
- campo de control: SpMaBN
005 - FECHA Y HORA DE LA ÚLTIMA TRANSACCIÓN
- campo de control: 20250817144902.0
008 - ELEMENTOS DE DATO DE LONGITUD-FIJA
- campo de control de longitud fija: 941013n| aijnnaabn |a aaa
016 ## - NÚMERO DE CONTROL DE UNA AGENCIA BIBLIOGRÁFICA NACIONAL
- Número de control del registro: BNE19942640473
024 7# - IDENTIFICADOR DE OTROS ESTÁNDARES
- Número estándar o código: http://viaf.org/viaf/169055248/
- Fuente: viaf
040 ## - FUENTE DE CATALOGACIÓN
- Centro catalogador/agencia de origen: SpMaBN
- Lengua de catalogación: spa
- Centro/agencia transcriptor: SpMaBN
- Normas de descripción: rdc
- Convención/Normas de encabezamiento de materia/tesauro: embne
046 ## - FECHAS CON CODIFICACIÓN ESPECIAL
- Fecha de nacimiento: 1772
100 1# - ENCABEZAMIENTO-NOMBRE DE PERSONA
- Nombre de persona: Rojas, José de,
- Fechas asociadas al nombre: 1772-
375 ## - GÉNERO/SEXO
- Género: Masculino
400 1# - TRAZADO DE VÉASE--NOMBRE DE PERSONA
- Nombre de persona: Rojas y Pampino, José de,
- Fechas asociadas al nombre: 1772-
400 1# - TRAZADO DE VÉASE--NOMBRE DE PERSONA
- Nombre de persona: Roxas, José de,
- Fechas asociadas al nombre: 1772-
670 ## - FUENTE DE DATOS ENCONTRADOS
- Cita de la fuente: Estampas: cinco siglos de imagen impresa
- Información encontrada: p. 283 (Rojas y Pampino, José de; n. en Cádiz en 1772; calcógrafo; activo en Cádiz, 1814)
670 ## - FUENTE DE DATOS ENCONTRADOS
- Cita de la fuente: Páez. Repertorio
- Información encontrada: n. 1885 (Rojas, José; siglo XIX; grabador y dibujante; natural de Cádiz)
